[Event "e2e4 Sunningdale Open"]
[Site "Ascot ENG"]
[Date "2013.05.25"]
[Round "2"]
[White "Batchelor,Peter J"]
[Black "Gibson,Ch"]
[Result "0-1"]
[WhiteElo "2132"]
[BlackElo "1947"]

1.d4 Nf6 2.Bg5 e6 3.e4 h6 4.Bxf6 Qxf6 5.c3 d5 6.Bd3 dxe4 7.Bxe4 c6 8.Nd2 Nd7
9.Ngf3 Be7 10.Bc2 b6 11.g3 Bd8 12.Qe2 Bc7 13.O-O-O Bb7 14.Rhe1 Qe7 15.Bd3 O-O
16.h4 c5 17.Be4 Bxe4 18.Nxe4 cxd4 19.Nxd4 Nc5 20.Rd2 Rfc8 21.Red1 Bd8 22.Qf3 Nxe4
23.Qxe4 Qc5 24.Nb3 Qb5 25.Qd3 Qc6 26.Qd7 Qf3 27.Nd4 Qh5 28.Qe8+ Kh7 29.Qb5 Rc5
30.Qd3+ Kg8 31.Qe4 Rcc8 32.Qf3 Qc5 33.Nb3 Qb5 34.Kb1 Bf6 35.Rd7 a5 36.Qd3 Qc6
37.Nd2 b5 38.Rd6 Qb7 39.Qf3 Qxf3 40.Nxf3 b4 41.cxb4 Rcb8 42.Nd4 Rxb4 43.a3 Rb7
44.Ka2 Rab8 45.Rd2 Be5 46.Nc6 Rxb2+ 47.Ka1 Rb1+ 48.Ka2 Ra1+  0-1

[Event "15th Ajuinentornooi 2013"]
[Site "Aalst BEL"]
[Date "2013.05.29"]
[Round "7.6"]
[White "Spaens,K"]
[Black "Van Houtte,R"]
[Result "1/2-1/2"]
[WhiteElo "1940"]
[BlackElo "1902"]

1.d4 Nf6 2.Bg5 e6 3.e4 Be7 4.Nd2 O-O 5.e5 Nd5 6.Bxe7 Qxe7 7.Ngf3 b6 8.c4 Nf4
9.g3 Nh5 10.Nh4 g6 11.Bg2 Nc6 12.Bf3 Ng7 13.Ne4 Qb4+ 14.Qd2 Qxd2+ 15.Kxd2 f5
16.Nf6+ Kh8 17.Rhe1 g5 18.Ng2 Ne8 19.d5 Nd4 20.Bh5 Nxf6 21.exf6 g4 22.Kc3 Nf3
23.dxe6 dxe6 24.Re3 Nxh2 25.f7 Nf3 26.Nf4 Ng5 27.Rh1 Kg7 28.Rhe1 c6 29.b4 e5
30.Nd3 e4 31.Ne5 Be6 32.Nxc6 Rac8 33.b5 a6 34.a4 axb5 35.axb5 Nxf7 36.Bxf7 Rxf7
37.Ra1 Rd7 38.Ra6 Rd1 39.Rxb6 Rc1+ 40.Kd4 Kf6 41.Rc3 Rxc3 42.Kxc3 f4 43.Kd2 e3+
44.Ke1 exf2+ 45.Kxf2 fxg3+ 46.Kxg3  1/2-1/2

[Event "La Punta Closed 2013"]
[Site "San Luis ARG"]
[Date "2013.05.30"]
[Round "7.2"]
[White "Amura,C"]
[Black "Ricardi,P"]
[Result "0-1"]
[WhiteElo "2313"]
[BlackElo "2481"]

1.d4 Nf6 2.Bg5 e6 3.e4 c5 4.Nc3 cxd4 5.Qxd4 Nc6 6.Qe3 Qa5 7.Bd3 Ba3 8.Qc1 Bxb2
9.Qxb2 Qxg5 10.g3 O-O 11.Nge2 d5 12.f4 Qh5 13.Qb5 dxe4 14.Qxh5 Nxh5 15.Bxe4 Bd7
16.O-O-O Rfd8 17.Nb5 Nf6 18.Bf3 Na5 19.Ned4 Kf8 20.Nd6 Rab8 21.Rhe1 Ne8 22.Re5 Nxd6
23.Rxa5 a6 24.Nb3 Bb5 25.a4 Be8 26.Nc5 Ke7 27.Nd3 Rdc8 28.Re1 g6 29.Bd5 Nc4
30.Rc5 Nd6 31.Bb3 Rxc5 32.Nxc5 Rc8 33.Re5 Bd7 34.Nxd7 Kxd7 35.Re3 Rc5 36.g4 h5
37.h3 hxg4 38.hxg4 g5 39.Rf3 Ke7 40.Kd2 a5 41.Kd3 gxf4 42.Rxf4 Rg5 43.c4 b6
44.Bd1 Nb7 45.Rf2 Nc5+ 46.Kd4 Rg8 47.Ke3 Rd8 48.Bc2 Rh8 49.Kd4 Rh4 50.Bd1 Rh3
51.Bf3 Kd6  0-1

[Event "2nd Salento Open"]
[Site "Gallipoli ITA"]
[Date "2013.05.31"]
[Round "8.15"]
[White "Alkhateeb,T"]
[Black "Rothebarth,A"]
[Result "0-1"]
[WhiteElo "1984"]
[BlackElo "2006"]

1.d4 Nf6 2.Bg5 e6 3.e4 h6 4.Bxf6 Qxf6 5.Nc3 d6 6.Nf3 Nc6 7.Qd2 g5 8.h3 Bg7
9.O-O-O a6 10.Bc4 b5 11.e5 Qf4 12.Qxf4 gxf4 13.Bb3 dxe5 14.dxe5 Nxe5 15.Nxe5 Bxe5
16.Rhe1 Bxc3 17.bxc3 Bb7 18.Bd5 Bxd5 19.Rxd5 Rg8 20.Rf5 Rxg2 21.Rxf4 Ke7
22.Re3 Rd8 23.Ref3 f5 24.Rh4 Rg6 25.Rd4 Rg1+ 26.Kb2 c5 27.Rdd3 c4 28.Rd4 Rxd4
29.cxd4 b4 30.c3 a5 31.Re3 Rg2 32.Rf3 Kd6 33.Kc2 h5 34.Kd2 Rg1 35.Kc2 h4
36.Re3 Rg2 37.Rf3 Kd5 38.Kd2 Rg1 39.Kc2 Re1 40.Rf4 Re2+ 41.Kb1 Re4 42.Rf3 f4
43.Kc2 Rxd4  0-1

[Event "35th Nezhmetdinov Cup"]
[Site "Kazan RUS"]
[Date "2013.05.31"]
[Round "1.43"]
[White "Ovod,E"]
[Black "Gromak,Ivan"]
[Result "1-0"]
[WhiteElo "2387"]
[BlackElo "1894"]

1.d4 Nf6 2.Bg5 e6 3.e4 d6 4.Nc3 Be7 5.f4 O-O 6.Nf3 b6 7.Bd3 Bb7 8.e5 dxe5
9.dxe5 Nd5 10.Bxe7 Qxe7 11.Bxh7+ Kh8 12.Nxd5 Bxd5 13.Bd3 Nd7 14.Ng5 g6 15.Qg4 Kg7
16.O-O-O Nc5 17.h4 Rad8 18.h5 Rh8 19.a3 Nxd3+ 20.Rxd3 Rxh5 21.Rxh5 gxh5 22.Nxe6+  1-0

[Event "Icelandic Open Championship 2013"]
[Site "Reykjavik ISL"]
[Date "2013.06.01"]
[Round "3.7"]
[White "Thorfinnsson,Bj"]
[Black "Sverrisson,N"]
[Result "1-0"]
[WhiteElo "2377"]
[BlackElo "2012"]

1.d4 Nf6 2.Bg5 e6 3.Nd2 h6 4.Bh4 d5 5.e3 Be7 6.Bd3 O-O 7.f4 b6 8.Qe2 c5 9.c3 a5
10.Ngf3 Ba6 11.Bxa6 Nxa6 12.Bxf6 Bxf6 13.g4 g6 14.h4 Bg7 15.h5 cxd4 16.exd4 Qf6
17.Qe3 gxh5 18.Rxh5 Rfd8 19.Ke2 Kf8 20.Ne5 Nb8 21.Rf1 Ra7 22.Qd3 Rd6 23.Qh3 Qd8
24.Rxh6 Bxh6 25.Qxh6+ Ke8 26.Qh8+ Ke7 27.Qg7 Qe8 28.Qg5+ f6 29.Qg7+ Kd8 30.Qxa7 Kc8
31.Qf7 Qb5+ 32.Nd3 Nd7 33.Rh1 Kb7 34.Rh8 e5 35.Qe8  1-0

[Event "6th Mayors Cup 2013"]
[Site "Mumbai IND"]
[Date "2013.06.02"]
[Round "7"]
[White "Siddharth,R"]
[Black "Harutjunyan,G"]
[Result "1-0"]
[WhiteElo "2361"]
[BlackElo "2455"]

1.d4 Nf6 2.Bg5 e6 3.e4 h6 4.Bxf6 Qxf6 5.c3 d6 6.Bd3 Nc6 7.Ne2 e5 8.O-O Be7
9.f4 exd4 10.cxd4 Bg4 11.d5 Bxe2 12.Qxe2 Nd4 13.Qe3 g5 14.e5 dxe5 15.fxe5 Qb6
16.Kh1 Nb3 17.Qf3 Nxa1 18.Qxf7+ Kd8 19.Qg7 Re8 20.Nc3 Qc5 21.Bg6 Rf8 22.Rf7 b5
23.d6 Rxf7 24.Qxf7 cxd6 25.Qe8+ Kc7 26.Qxa8 dxe5 27.Bf5 e4 28.Qxe4 b4 29.Nd5+ Kd8
30.g3 h5 31.Nxe7 Qc1+ 32.Kg2 g4 33.Nc6+ Kc7 34.Qe7+ Kb6  1-0

[Event "2nd Server24 Open"]
[Site "Ortisei ITA"]
[Date "2013.06.03"]
[Round "3.19"]
[White "Curien,N"]
[Black "Neubauer,Kai"]
[Result "1-0"]
[WhiteElo "2204"]
[BlackElo "2013"]

1.d4 Nf6 2.Bg5 e6 3.e3 c5 4.Nd2 Nc6 5.Ngf3 Be7 6.c3 b6 7.Bd3 Bb7 8.Qe2 Rc8
9.O-O h6 10.Bxf6 Bxf6 11.Rad1 O-O 12.Bb1 g6 13.Ne4 d5 14.dxc5 Be7 15.cxb6 Qxb6
16.Ng3 Ba6 17.Bd3 Bxd3 18.Rxd3 Rb8 19.Rd2 Na5 20.b3 Rbc8 21.Rc2 Rc7 22.e4 dxe4
23.Nxe4 Nc6 24.Rd1 Re8 25.Rcd2 Qa5 26.h3 Ne5 27.c4 Kg7 28.Nxe5 Qxe5 29.Qf3 Bb4
30.Re2 Qf5 31.Nd6 Bxd6 32.Qxf5 gxf5 33.Rxd6 Kf6 34.Red2 Kg5 35.Kf1 e5 36.Ke2 h5
37.R2d5 e4 38.g3 Rce7 39.Ke3 f6 40.Ra5 Kg6 41.h4 Re6 42.Rdd5 Re5 43.Rxa7 Rxd5
44.cxd5 Rc8 45.Kd4 Rc2 46.a4 Rxf2 47.d6 Rf3 48.Re7 Rxg3 49.Kc4 Rd3 50.d7 Rd1
51.a5 e3 52.Rxe3 f4 53.Rd3  1-0

[Event "Grand Europe Open Albena"]
[Site "Albena BUL"]
[Date "2013.06.05"]
[Round "5.59"]
[White "Arnaudov,P"]
[Black "Stoyanov,Svetlomir"]
[Result "0-1"]
[WhiteElo "2163"]
[BlackElo "1874"]

1.d4 Nf6 2.Bg5 e6 3.e4 h6 4.Bxf6 Qxf6 5.Nf3 d6 6.Nc3 g6 7.e5 Qe7 8.h4 Bg7
9.h5 g5 10.g4 dxe5 11.Nxe5 Bxe5 12.dxe5 Qb4 13.Rh3 Qf4 14.Re3 Bd7 15.Re4 Qh2
16.Nb5 Bxb5 17.Bxb5+ c6 18.Bf1 Na6 19.Qf3 Nc5 20.Re3 O-O-O 21.Qg3 Qxg3 22.Rxg3 Rd5
23.Re3 Nd7 24.Rd1 Rxe5 25.Ke2 Rd8 26.f3 Rxe3+ 27.Kxe3 Nf6 28.Rxd8+ Kxd8 29.c4 Ke7
30.Be2 Nd7 31.f4 f6 32.b4 b6 33.fxg5 fxg5 34.Ke4 Kd6 35.Bf3 Nf6+ 36.Ke3 e5
37.Be2 e4 38.Kd4 c5+ 39.bxc5+ bxc5+ 40.Ke3 Ke5 41.Bd1 Ne8 42.a3 Nd6 43.Bb3 Nb7
44.Bc2 Na5 45.Bxe4 Nxc4+ 46.Kd3 Nb2+ 47.Ke3 Nd1+  0-1

[Event "Grand Europe Open Albena"]
[Site "Albena BUL"]
[Date "2013.06.07"]
[Round "7.4"]
[White "Grigoryan,Av"]
[Black "Enchev,I"]
[Result "1/2-1/2"]
[WhiteElo "2605"]
[BlackElo "2473"]

1.d4 Nf6 2.Bg5 e6 3.Nd2 h6 4.Bh4 d5 5.e3 c5 6.c3 Be7 7.Bd3 b6 8.Ngf3 O-O
9.Ne5 Nfd7 10.Bxe7 Qxe7 11.Qe2 Nxe5 12.dxe5 Nd7 13.f4 f6 14.exf6 Qxf6 15.O-O e5
16.fxe5 Qxe5 17.e4 Bb7 18.Nf3 Qh5 19.e5 Rfe8 20.e6 Re7 21.Ba6 Bxa6 22.Qxa6 Nf8
23.Rae1 Rxe6 24.Qb7 Rae8 25.Rd1 Re2 26.Rf2 Rxf2 27.Kxf2 d4 28.cxd4 cxd4 29.Rxd4 Ne6
30.Qd5 Qxd5 31.Rxd5 Nc5 32.g3 Kf7 33.Rd4 Ne4+ 34.Kg2 Nf6 35.Rd2 Re3 36.Rc2 Re7
37.Nd4 Nd5 38.Rf2+ Nf6 39.Nb5 Rd7 40.Re2 a6 41.Nc3 Nd5 42.Ne4 Nb4 43.a3 Nc6
44.Rc2 Ne5 45.Kf2  1/2-1/2

[Event "National Open 2013"]
[Site "Las Vegas USA"]
[Date "2013.06.07"]
[Round "2"]
[White "Kekelidze,M"]
[Black "Morshedi,A"]
[Result "1-0"]
[WhiteElo "2503"]
[BlackElo "2227"]

1.d4 Nf6 2.Bg5 e6 3.e4 h6 4.Bxf6 Qxf6 5.Nc3 d6 6.Qd2 Nc6 7.Nb5 Qe7 8.O-O-O a6
9.Nc3 g5 10.d5 Ne5 11.h4 Bg7 12.Nge2 Nc4 13.Qe1 c5 14.Ng3 Nxb2 15.Kxb2 b5
16.Nh5 Be5 17.Kb1 Qc7 18.Ne2 b4 19.hxg5 hxg5 20.Qd2 Rg8 21.g3 Rb8 22.f4 Bc3
23.Qc1 exd5 24.Nxc3 bxc3+ 25.Ka1 d4 26.Nf6+ Kf8 27.Qa3 Be6 28.f5  1-0

[Event "FIDE World Blitz 2013"]
[Site "Khanty-Mansiysk RUS"]
[Date "2013.06.09"]
[Round "13.11"]
[White "Vitiugov,N"]
[Black "Guseinov,G"]
[Result "0-1"]
[WhiteElo "2734"]
[BlackElo "2631"]

1.d4 Nf6 2.Bg5 e6 3.Nd2 c5 4.e3 Be7 5.dxc5 Bxc5 6.Bd3 Nc6 7.Ngf3 Be7 8.O-O d5
9.Qe2 O-O 10.e4 dxe4 11.Nxe4 Nd5 12.Rad1 Bxg5 13.Nexg5 g6 14.Qe4 Qf6 15.Qh4 Qg7
16.Bc4 Nf6 17.c3 b6 18.Bb5 Bb7 19.Bxc6 Bxc6 20.Ne5 Bb7 21.Nd7 Nxd7 22.Rxd7 Bd5
23.c4 h6 24.cxd5 hxg5 25.Qxg5 exd5 26.b3 d4 27.Rd1 Rfe8 28.h4 Re4 29.f3 Re2
30.R1xd4 Rae8 31.a4 R2e5 32.Qf4 Rf5 33.Qg3 Qf6 34.Kh2 Rh5 35.R7d6 Qg7 36.Rg4 Kh7
37.Rd7 Rf5 38.Rxa7 Qa1 39.Rf4 Re1 40.Kh3 Rh1+ 41.Kg4 Qf6 42.Re4 Rh5 43.f4 R5xh4+
44.Kf3 Rf1+ 45.Ke2 Rhh1 46.Ree7 Qb2+ 47.Kd3 Qxb3+ 48.Kd4 Rd1+ 49.Ke5 Rhe1+
50.Kf6 Rd6+  0-1

[Event "2nd Server24 Open"]
[Site "Ortisei ITA"]
[Date "2013.06.09"]
[Round "9.12"]
[White "Paltrinieri,N"]
[Black "Codenotti,M"]
[Result "0-1"]
[WhiteElo "2174"]
[BlackElo "2390"]

1.d4 Nf6 2.Bg5 e6 3.e4 h6 4.Bxf6 Qxf6 5.c3 d6 6.Bd3 e5 7.Ne2 Nc6 8.O-O g5
9.Na3 Bg7 10.d5 Nb8 11.Ng3 h5 12.Nxh5 Qh6 13.Nxg7+ Qxg7 14.Qf3 a6 15.Nc4 Nd7
16.Ne3 Nf6 17.Rfe1 Bd7 18.Nf1 O-O-O 19.c4 Rh6 20.Qe3 Kb8 21.Be2 Rdh8 22.Bf3 Rh4
23.Rac1 Qh7 24.Rc2 g4 25.Bd1 g3 26.fxg3 Rxe4 27.Qf2 Bg4 28.Rc3 Bxd1 29.Rxd1 Ng4
30.Qf3 Nxh2 31.Nxh2 Qxh2+ 32.Kf2 Qh7 33.c5 dxc5 34.d6 cxd6 35.Rxd6 Ka7 36.Qf6 Rd4
37.Qxe5 Rxd6 38.Qxd6 Qf5+ 39.Qf4 Qd5 40.Qc4 Qd2+ 41.Qe2 Qd4+ 42.Qe3 Qf6+
43.Qf4 Qb6 44.Rc2 Rh6 45.Qc4 Rc6 46.g4 Qc7 47.Rc3 Qe5 48.Qe2 Qd4+ 49.Kg3 Rg6
50.Rc4 Qd6+ 51.Kf2 Rf6+ 52.Ke1 Qg3+ 53.Kd1 Rf2 54.Qe4 Qd6+  0-1

[Event "2nd Grand Europe Open 2013"]
[Site "Golden Sands BUL"]
[Date "2013.06.10"]
[Round "1.10"]
[White "Nabaty,T"]
[Black "Primbetov,K"]
[Result "1-0"]
[WhiteElo "2579"]
[BlackElo "2225"]

1.d4 Nf6 2.Bg5 e6 3.e4 Be7 4.Nc3 d5 5.e5 Nfd7 6.Bxe7 Qxe7 7.Nb5 Nb6 8.c3 a6
9.Na3 c5 10.f4 Nc6 11.Nf3 f6 12.Nc2 O-O 13.Bd3 Bd7 14.O-O c4 15.Be2 fxe5
16.fxe5 Na4 17.Qc1 b5 18.Ne3 Be8 19.Bd1 Bh5 20.g4 Bg6 21.Bc2 Bxc2 22.Qxc2 Rf4
23.Kg2 Raf8 24.Kg3 Re4 25.Ng2 g5 26.Qd2 h6 27.h4 gxh4+ 28.Kh3 Qg7 29.Nh2 Nd8
30.Rxf8+ Qxf8 31.Rf1 Nf7 32.Rf6 Ng5+ 33.Kxh4 Qg7 34.Nf4 Rxf4 35.Qxf4 Nxb2
36.Kh5 Nd3 37.Qe3 Qe7 38.Rxh6 Nf7 39.Rg6+ Kf8 40.Nf3 Ke8 41.Rg8+ Kd7 42.Rg7 Kc6
43.Ng5  1-0

[Event "2nd Grand Europe Open 2013"]
[Site "Golden Sands BUL"]
[Date "2013.06.15"]
[Round "6.15"]
[White "Grigoryan,Av"]
[Black "Narayanan,Sri"]
[Result "0-1"]
[WhiteElo "2605"]
[BlackElo "2464"]

1.d4 Nf6 2.Bg5 e6 3.e4 h6 4.Bxf6 Qxf6 5.Nc3 Bb4 6.Qd2 d6 7.a3 Ba5 8.Nf3 Nc6
9.Bb5 Bd7 10.O-O a6 11.Bc4 O-O 12.Qd3 Rad8 13.Ne2 e5 14.c3 Ne7 15.Nd2 exd4
16.Nxd4 b5 17.Ba2 Bb6 18.Rfe1 Ng6 19.Nf1 c5 20.Nc2 c4 21.Qg3 h5 22.Nd4 Bxd4
23.cxd4 Qxd4 24.Qc3 Qxc3 25.bxc3 Bc6 26.Bb1 Rfe8 27.Bc2 Nf4 28.f3 d5 29.exd5 Bxd5
30.Rad1 Rxe1 31.Rxe1 Be6 32.Ne3 Kf8 33.Rd1 Rxd1+ 34.Bxd1 Ke7 35.Kf2 Kd6 36.Bc2 Nd5
37.Nd1 f5 38.Ke2 Kc5 39.Kd2 a5 40.Ne3 Nxe3 41.Kxe3 b4 42.axb4+ axb4 43.cxb4+ Kxb4
44.Kd4 Bd7 45.h4 g6 46.Bd1 c3 47.Bc2 Be6 48.Ke5 Bb3 49.Bd3 Bc4 50.Bc2 Ka3
51.g4 Kb2 52.gxh5 Kxc2 53.h6 Bg8 54.Kf6 Kd3 55.Kg7 c2 56.Kxg8 c1=Q 57.h7 Qc8+
58.Kg7 Qd7+ 59.Kg8 Qd8+ 60.Kg7 Qxh4  0-1

[Event "Kings Place Rapid 2013"]
[Site "London ENG"]
[Date "2013.06.15"]
[Round "4.3"]
[White "Wells,P"]
[Black "Jones,G"]
[Result "0-1"]
[WhiteElo "2479"]
[BlackElo "2643"]

1.d4 Nf6 2.Bg5 e6 3.e4 c5 4.e5 h6 5.Bc1 Nd5 6.c4 Nb6 7.dxc5 Bxc5 8.Nc3 Nc6
9.Nf3 d5 10.exd6 Bxd6 11.Be3 Qe7 12.a3 Nd7 13.b4 b6 14.Be2 Bb7 15.c5 bxc5
16.Ne4 Bc7 17.Nxc5 Nxc5 18.Bxc5 Qf6 19.O-O Bb6 20.Rc1 Bxc5 21.Rxc5 O-O 22.Qd7 Nd8
23.Ne5 Be4 24.f3 Nb7 25.fxe4 Nxc5 26.Qd4 Nb3 27.Qb2 Qd8 28.Nf3 Qb6+ 29.Kh1 Nc5
30.Ne5 Nxe4 31.Bd3 f5 32.Nd7 Qd6 33.Bxe4 Qxd7 34.Bxa8 Rxa8 35.Qe2 Rd8 36.Re1 Qd5
37.h3 Rd6 38.Rc1 a6 39.Rc8+ Kh7 40.Kh2 Rc6 41.Rxc6 Qxc6 42.a4 Qd6+ 43.Kh1 Qxb4
44.Qxe6 Qb1+ 45.Kh2 Qd3 46.a5 h5 47.h4 f4 48.Qe1 Qf5 49.Qc3 Qf6 50.Qd3+ Kh6
51.Qh3 g6 52.g4 Qb2+  0-1

[Event "17th Petr Izmailov"]
[Site "Tomsk RUS"]
[Date "2013.06.15"]
[Round "5.7"]
[White "Khlichkova,T"]
[Black "Nevostrujev,V"]
[Result "0-1"]
[WhiteElo "2215"]
[BlackElo "2440"]

1.d4 Nf6 2.Bg5 e6 3.e4 h6 4.Bxf6 Qxf6 5.c3 d5 6.Nd2 dxe4 7.Nxe4 Qe7 8.Nf3 Nd7
9.Qa4 g6 10.Bd3 Bg7 11.O-O O-O 12.Rfe1 Rd8 13.Rad1 a6 14.Qc2 b6 15.c4 Qf8
16.Qe2 Bb7 17.Bb1 Re8 18.h4 Rad8 19.h5 g5 20.Qc2 f5 21.Ng3 g4 22.Nh4 Qf6
23.Ng6 Nf8 24.d5 Qxb2 25.Nxf8 Qxc2 26.Bxc2 Bxf8 27.dxe6 Rxd1 28.Bxd1 Bc8
29.Nxf5 Rxe6 30.Rxe6 Bxe6 31.Ne3 g3 32.Kf1 Bc5 33.Bg4 Bf7 34.Be2 Bxe3 35.fxe3 Kg7
36.Ke1 Kf6 37.Kd2 Kg5 38.e4 Bxh5 39.Bxh5 Kxh5 40.Ke3 Kg4 41.Kd4 h5 42.Kd5 h4  0-1

[Event "17th Petr Izmailov"]
[Site "Tomsk RUS"]
[Date "2013.06.15"]
[Round "5.36"]
[White "Pesniak,N"]
[Black "Volkov,Mi"]
[Result "1-0"]
[WhiteElo "2018"]
[BlackElo "1895"]

1.d4 Nf6 2.Bg5 e6 3.Nf3 Be7 4.e3 d5 5.Nbd2 c5 6.c3 a6 7.a4 O-O 8.Bd3 Nfd7
9.Bf4 Nc6 10.O-O f5 11.h3 Nf6 12.Kh1 Ne4 13.Ne5 c4 14.Bc2 Nxe5 15.dxe5 g5
16.Bh2 Qe8 17.Nf3 Bd7 18.Nd4 h5 19.f3 Nc5 20.Ra2 Rf7 21.Re1 Rd8 22.Bg1 Rg7
23.Bh2 g4 24.Bf4 Bh4 25.g3 Be7 26.h4 gxf3 27.Nxf3 Bc6 28.Kh2 Ne4 29.Qe2 Qg6
30.Qg2 Kh8 31.Raa1 Rdg8 32.Bxe4 fxe4 33.Ng5 Qf5 34.Qe2 Bxg5 35.hxg5 Rh7 36.Kg2 Be8
37.Rh1 Bg6 38.Qd1 Rc8 39.Rh4 Qf7 40.Qd4 Qc7 41.Rah1 Qc5 42.Qxc5 Rxc5 43.g4 b5
44.gxh5 Bf5 45.g6 Rg7 46.Bg5 Kg8 47.Bf6 Rb7 48.Kg3 bxa4 49.R4h2 Rcb5 50.Ra1 Rxb2
51.Rxb2 Rxb2 52.Rxa4 Rb6 53.Ra5 Rc6 54.Kh4 Kf8 55.Kg5 Kg8 56.h6 Bxg6 57.Kxg6 Rc7
58.Rxa6  1-0

[Event "8th Teplice Open 2013"]
[Site "Teplice CZE"]
[Date "2013.06.16"]
[Round "2.23"]
[White "Friml,A"]
[Black "Manik,M"]
[Result "0-1"]
[WhiteElo "2124"]
[BlackElo "2413"]

1.d4 Nf6 2.Bg5 e6 3.Nc3 h6 4.Bh4 d5 5.e3 c5 6.Nf3 Qb6 7.Bb5+ Bd7 8.Bxf6 gxf6
9.Bxd7+ Nxd7 10.O-O Qxb2 11.Qd3 cxd4 12.Nxd4 Bb4 13.Ndb5 Bxc3 14.Nxc3 Rc8
15.Nxd5 exd5 16.Qxd5 Nc5 17.Qf5 Ke7 18.Rad1 Qe5 19.Qh3 Qe6 20.Qh5 Rhg8 21.Qxh6 Rxg2+
22.Kh1 Rcg8 23.Qf4 Qc6 24.f3 R2g4 25.Qf5 R8g5  0-1

[Event "4th Forni di Sopra"]
[Site "Forni di Sopra ITA"]
[Date "2013.06.20"]
[Round "7"]
[White "Garcia Palermo,C"]
[Black "Boscolo,F"]
[Result "1/2-1/2"]
[WhiteElo "2468"]
[BlackElo "2314"]

1.d4 Nf6 2.Bg5 e6 3.Nd2 c5 4.e3 b6 5.Ne4 Be7 6.Bxf6 gxf6 7.d5 f5 8.Nc3 Bf6
9.Bc4 Bxc3+ 10.bxc3 Qf6 11.Ne2 O-O 12.O-O Kh8 13.a4 Bb7 14.a5 b5 15.Bxb5 Bxd5
16.Nf4 Bc6 17.Qd6 Rg8 18.Rab1 Qxc3 19.Bxc6 Nxc6 20.Qxd7 Ne5 21.Qe7 Nf3+ 22.Kh1 Nd2
23.Qxf7 Nxb1 24.Rxb1 Rab8 25.Rg1 Qe5 26.h3 Rg7 27.Qh5 c4 28.Rd1 Qe4 29.Qh4 Rbg8
30.Rd8 Rxg2 31.Qf6+ Rg7+ 32.Kh2 Qb7 33.Rxg8+ Kxg8 34.Qxe6+ Kh8 35.Qxc4 Qb1
36.Qc8+ Rg8 37.Qc3+ Rg7 38.Qc8+ Rg8 39.Qc3+  1/2-1/2

[Event "5th Lublin Union Mem GM"]
[Site "Lublin POL"]
[Date "2013.06.22"]
[Round "8.5"]
[White "Drozdowski,K"]
[Black "Socko,M"]
[Result "1-0"]
[WhiteElo "2441"]
[BlackElo "2458"]

1.d4 Nf6 2.Bg5 e6 3.Nd2 h6 4.Bh4 d5 5.e3 c5 6.c3 Nc6 7.Ngf3 Be7 8.Bd3 b6
9.O-O O-O 10.Ne5 Nxe5 11.dxe5 Nd7 12.Bxe7 Qxe7 13.f4 Bb7 14.Qh5 f5 15.Rf3 Qe8
16.Qh3 Rd8 17.Rg3 Kh7 18.Nf3 g6 19.Rf1 c4 20.Bc2 Nc5 21.Qh4 Ne4 22.Rh3 h5
23.Nd4 Kg7 24.Qxd8 Qxd8 25.Nxe6+ Kf7 26.Nxd8+ Rxd8 27.Rd1 Nc5 28.Rf3 Ke6
29.Rf2 Bc6 30.b3 Bb5 31.Rfd2 a5 32.g3 a4 33.b4 Nd3 34.a3 Rg8 35.Rg2 Rh8 36.h3 Rh7
37.Rf1 Rh8 38.Bd1 Bc6 39.Rd2 Rh7 40.Be2 Bb5 41.Bf3 g5 42.fxg5 Kxe5 43.h4 Be8
44.Be2 Ke4 45.Bf3+ Ke5 46.Bg2 Re7 47.Rf4 Bf7 48.Rd4 Rc7 49.Bf3 Rc6 50.Kf1 Rd6
51.R2xd3 cxd3 52.Ke1 b5 53.Kd2 Bg6 54.Rxd3 Be8 55.Rd4 Bg6 56.Be2 Rb6 57.Bd3 Rb8
58.Rf4 Rb6 59.Ke2 Rb8 60.Kf2 Rb6 61.g4 fxg4 62.Rf6 Rxf6+ 63.gxf6 Kxf6 64.Bxb5 Bc2
65.Be8 Bd1 66.Kg3 Ke5 67.Bxh5 Kf5 68.b5  1-0

[Event "III Marcel Duchamp Boca Jun Op"]
[Site "Buenos Aires ARG"]
[Date "2013.06.23"]
[Round "3.44"]
[White "Enciso,Franco"]
[Black "Lima,Joaquin"]
[Result "0-1"]
[WhiteElo "1569"]
[BlackElo "1929"]

1.d4 Nf6 2.Bg5 e6 3.e4 Be7 4.Bd3 c5 5.Bxf6 Bxf6 6.e5 Be7 7.Ne2 cxd4 8.Nxd4 Qa5+
9.c3 Qxe5+ 10.Be2 Nc6 11.Nf3 Qc7 12.O-O d5 13.Re1 O-O 14.Nbd2 a6 15.Rc1 b5
16.Nd4 Nxd4 17.cxd4 Qb6 18.Nf3 Bb4 19.Rf1 f6 20.Bd3 Bb7 21.a3 Bd6 22.Re1 Rac8
23.Kh1 Rxc1 24.Qxc1 e5 25.dxe5 fxe5 26.Nxe5 Bxe5 27.Rxe5 Qxf2 28.Re7 Bc8
29.Re1 Bh3 30.Bf1 Bf5 31.Re2 Qd4 32.Qe3 Bd3 33.Qe6+ Kh8 34.Qe8 Qf6 35.Re1 Qxf1+
36.Rxf1 Rxe8  0-1

[Event "Malaysian Masters Men 2013"]
[Site "Kuala Lumpur MAS"]
[Date "2013.06.24"]
[Round "4.2"]
[White "Wong,J"]
[Black "Aron,Teh Eu Wen"]
[Result "1/2-1/2"]
[WhiteElo "2120"]
[BlackElo "1981"]

1.d4 Nf6 2.Bg5 e6 3.e3 c5 4.c3 b6 5.Nf3 Bb7 6.Nbd2 Be7 7.Bd3 O-O 8.Qe2 d6
9.Bxf6 Bxf6 10.h4 g6 11.Ne4 Be7 12.O-O-O Nd7 13.Rh3 f5 14.Neg5 Bxg5 15.Nxg5 Qf6
16.f4 h6 17.Nf3 h5 18.Kb1 a6 19.Ng5 d5 20.b4 c4 21.Bc2 b5 22.Rhh1  1/2-1/2

[Event "3rd Big Slick GM"]
[Site "Purley ENG"]
[Date "2013.06.24"]
[Round "3"]
[White "Gormally,D"]
[Black "Franklin,S"]
[Result "1/2-1/2"]
[WhiteElo "2496"]
[BlackElo "2357"]

1.d4 Nf6 2.Bg5 e6 3.e4 c5 4.e5 h6 5.Bc1 Nh7 6.dxc5 Nc6 7.Nc3 Bxc5 8.Qg4 Nxe5
9.Qxg7 Qf6 10.Qg3 d5 11.Bf4 Nc6 12.Bb5 Kf8 13.Bxc6 bxc6 14.Bd6+ Bxd6 15.Qxd6+ Kg7
16.f4 Ba6 17.Nf3 Rab8 18.O-O-O Rhd8 19.Qe5 c5 20.f5 Ng5 21.fxe6 Nxf3 22.Qxf6+ Kxf6
23.Nxd5+ Ke5 24.Nc7 Nd4 25.Nxa6 Ne2+ 26.Kb1 Nc3+ 27.Kc1 Nxa2+ 28.Kb1 Nc3+
29.Kc1 Ne2+  1/2-1/2

[Event "8th Teplice Open 2013"]
[Site "Teplice CZE"]
[Date "2013.06.24"]
[Round "9.6"]
[White "Smirnov,Arte"]
[Black "Burg,T"]
[Result "1-0"]
[WhiteElo "2422"]
[BlackElo "2481"]

1.d4 Nf6 2.Bg5 e6 3.Nd2 c5 4.e3 Nc6 5.c3 b6 6.Ngf3 Be7 7.Bd3 O-O 8.O-O Bb7
9.a3 Nd5 10.Bxe7 Ncxe7 11.dxc5 bxc5 12.Ne4 Qc7 13.c4 f5 14.cxd5 fxe4 15.Bxe4 exd5
16.Bd3 d4 17.Ng5 h6 18.Qh5 Rf6 19.Ne4 Rf5 20.Qh4 d5 21.Ng3 Rf7 22.exd4 Rf4
23.Qh3 c4 24.Qe6+ Kf8 25.Bc2 Rxd4 26.Rfe1 Rf4 27.Ne2 Rf6 28.Nd4 Bc8 29.Qe3 Rb8
30.b3 Rbb6 31.bxc4 dxc4 32.Rad1 Rf7 33.h3 g5 34.a4 a6 35.Nf3 Nf5 36.Qe8+ Kg7
37.Rd8 Be6 38.Qh8+ Kg6 39.Ne5+ Kh5 40.Bd1+ g4 41.hxg4+ Kg5  1-0

[Event "TCh-MNE Prem 2013"]
[Site "Cetinje MNE"]
[Date "2013.06.26"]
[Round "3.2"]
[White "Miladinovic,I"]
[Black "Arsovic,Z"]
[Result "1/2-1/2"]
[WhiteElo "2556"]
[BlackElo "2433"]

1.d4 Nf6 2.Bg5 e6 3.Nd2 h6 4.Bh4 c5 5.c3 Nc6 6.e3 b6 7.Ngf3 Be7 8.a3 O-O
9.Bd3 Bb7 10.O-O d6 11.Rc1 Rc8 12.Qe2 Nh5 13.Bg3 Nxg3 14.hxg3 Nb8 15.Rfd1 Qd7
16.g4 Rfd8 17.Nf1 g6 18.Bb5 Qc7 19.Ng3 Bf6 20.Bd3 Bg7 21.e4 cxd4 22.cxd4 Qd7
23.Rxc8 Rxc8 24.Nf1 Qd8 25.Qe3  1/2-1/2

[Event "Mukachevo Summer"]
[Site "Mukachevo UKR"]
[Date "2013.06.26"]
[Round "3.5"]
[White "Voitovich,V"]
[Black "Andreev,Ed UKR"]
[Result "0-1"]
[WhiteElo "2316"]
[BlackElo "2498"]

1.d4 Nf6 2.Bg5 e6 3.e4 c5 4.e5 h6 5.Bh4 g5 6.Bg3 Ne4 7.d5 Qb6 8.Nc3 Qa5 9.Ne2 Bg7
10.Qd3 Nxg3 11.hxg3 Na6 12.O-O-O Nb4 13.Qc4 O-O 14.dxe6 d5 15.exf7+ Rxf7
16.Qb5 Nxa2+ 17.Kb1 Qxb5 18.Nxb5 Nb4 19.f3 Bf5 20.Rd2 Bxe5 21.Rxh6 Kg7 22.Nd6 Bxd6
23.Rxd6 Rh8 24.g4 Bxg4 25.Ng3 Bf5 26.Nxf5+ Rxf5 27.c3 Rh1 28.cxb4 Rxf1+ 29.Ka2 cxb4
30.R2xd5 Rxd5 31.Rxd5 Kf6 32.Rd7 Rf2 33.Rxb7 Rxg2 34.Rxb4 Rf2 35.Rb8 Kg7
36.Rb7+ Kg6 37.Rxa7 Rxf3 38.Ra4 Kh5 39.Ra8 g4 40.Rh8+ Kg5 41.Rg8+ Kf4 42.b3 g3
43.Ka3 Re3 44.Ka4 Re5 45.Rc8 g2 46.Rc1 Rg5 47.Rg1 Kf3 48.b4 Kf2 49.Rxg2+ Rxg2
50.b5 Ke3 51.b6 Kd4 52.Kb5 Kd5  0-1

[Event "TCh-MNE Prem 2013"]
[Site "Cetinje MNE"]
[Date "2013.06.28"]
[Round "5.2"]
[White "Radovanovic,D"]
[Black "Arsovic,Z"]
[Result "1-0"]
[WhiteElo "2401"]
[BlackElo "2433"]

1.d4 Nf6 2.Bg5 e6 3.e4 h6 4.Bxf6 Qxf6 5.Nf3 d6 6.Nc3 a6 7.Qd2 Nd7 8.O-O-O Qd8
9.h4 c5 10.g4 Be7 11.Bh3 cxd4 12.Nxd4 g5 13.f4 Qa5 14.Nb3 Qc7 15.hxg5 hxg5
16.e5 d5 17.Bg2 Rf8 18.Bxd5 gxf4 19.Qxf4 Rb8 20.Rhe1 b5 21.g5 Rg8 22.Ne4 Nxe5
23.Nf6+ Bxf6 24.Qxf6 Ng4 25.Bc6+ Bd7 26.Rxe6+ fxe6 27.Qxe6+ Kf8 28.Rf1+ Kg7
29.Qf7+ Kh8 30.Qh5+  1-0

[Event "HSC/De Legibus Open 2013"]
[Site "Helmond NED"]
[Date "2013.06.29"]
[Round "3.5"]
[White "Blijlevens,P"]
[Black "Djuric,S"]
[Result "0-1"]
[WhiteElo "1934"]
[BlackElo "2434"]

1.d4 Nf6 2.Bg5 e6 3.c4 Bb4+ 4.Nc3 c5 5.dxc5 Na6 6.Qc2 Nxc5 7.Bd2 b6 8.a3 Bxc3
9.Bxc3 Bb7 10.Nf3 Rc8 11.e3 Nce4 12.Bd3 Nxc3 13.Qxc3 O-O 14.O-O b5 15.Qb3 Bxf3
16.gxf3 bxc4 17.Bxc4 Rc5 18.Kh1 Qc7 19.Be2 Rb8 20.Qd3 Rxb2 21.Rab1 Rbc2 22.Rb3 g6
23.f4 Rd5 24.Qa6 Rdd2 25.Re1 Ne4 26.Rb7 Qc3  0-1

[Event "Visma IMA 2013"]
[Site "Vaxjo SWE"]
[Date "2013.06.30"]
[Round "8.4"]
[White "Lokander,M"]
[Black "Johansson,Linus"]
[Result "1/2-1/2"]
[WhiteElo "2238"]
[BlackElo "2347"]

1.d4 Nf6 2.Bg5 e6 3.e4 h6 4.Bxf6 Qxf6 5.Nc3 Bb4 6.Qd2 d5 7.Nge2 dxe4 8.a3 Bxc3
9.Nxc3 Bd7 10.Nxe4 Qe7 11.Bd3 Bc6 12.O-O O-O 13.Rfe1 Nd7 14.Rad1 Nf6 15.Qf4 Bxe4
16.Bxe4 Nxe4 17.Qxe4 c6 18.Rd3 Rad8 19.h3 Rd5 20.Red1 Rfd8 21.c4 R5d6 22.Qe5 Qg5
23.f4 Qf6 24.Qxf6 gxf6 25.Kf2 b5 26.Ke3 Kh7 27.cxb5 cxb5 28.Rc1 Kg6 29.Rc5 a6
30.g4 Rd5 31.Rxd5 Rxd5 32.Rc3 f5 33.b4 fxg4 34.hxg4 h5 35.gxh5+ Rxh5 36.Ke4  1/2-1/2